000 00644nam a22002537a 4500
003 UA-OsUOA
001 32932
007 ta
008 20050223b un ||||| |||| 00| 0 ukr d
100 _aРысев Н.
090 _a65.01
_bР95
942 _cBK
040 _aUA-OsUOA
_brus
_cUA-OsUOA
_dUA-OsUOA
245 _aПравильные управленческие решения. Поиск и принятие
300 _a384 с.
_bІлюстрації
955 _a0
041 _arus
080 _a65.01
020 _a5-469-00010-9
260 _aСПб
_bПитер
_c2004
044 _aRU
650 7 _2UDC
999 _c319387
_d319387